| 000 | 00573nam a22001937a 4500 | ||
|---|---|---|---|
| 005 | 20150612123007.0 | ||
| 010 | _aENG-113028 | ||
| 020 | _c60.00 | ||
| 035 | _aEN-96560 | ||
| 037 | _bDBAD/PUB | ||
| 082 | _a920 | ||
| 100 | _aGnanadurai, P.M. | ||
| 245 |
_aLawrence Gnanadurai : _cby P.M. Gnanadurai _ba biography / |
||
| 260 |
_aChennai _bThe Christian Literature Society _c2012 |
||
| 270 |
_aPost Box No. 501, Park Town _bChennai _e600003 |
||
| 300 |
_a83p. _c21cm(pbk) |
||
| 500 | _aIncludes bibliographical references | ||
| 942 |
_2ddc _cEN _mGNA _h920 |
||
| 999 |
_c93558 _d93558 |
||